000 00988nam a22002897a 4500
001 BR7302645
003 BR-BrBNA
005 20230928083933.0
007 ta
008 230509b bl.||||| |||| 00| 0 por d
040 _aBR-BrBNA
_bpor
_cBiblioteca Nacional de Agricultura
041 _a(Por)
072 _aL73
_b5400
_b4100
090 _ 5400 BR7302645
100 1 _aCarvalho, C.M.F. de
110 1 _aUniversidade Rural do Estado de Minas Gerais, Belo Horizonte (Brasil). Escola Superior de Veterinaria
_0Tese (Catedra de Patologia e Clinica Medicas dos Animais Domesticos)
_911279
245 1 _aFundo de olho normal do cao (Canis familiaris)e alteracoes que nele ocorrem em algumas doencas
260 3 _aBelo Horizonte, MG (Brasil):
_c1959.
300 _a84 p.
500 _a19 illus.; 38 ref.; Summary (Por); Microficha
650 _aCao
650 _aOlho
650 _aAgenesia testicular
650 _aCinomose
909 _a202309
_bLucia
_c55
_dLucia Elande
942 _cBK
999 _c15916
_d15916